Na báze KREDITU

Slovenská kreditná banka, a.s. - jej zameranie. Oživenie kapitálového trhu koncepčnými rozhodnutiami. Vyrovnanie pozícií nášho štátneho rozpočtu.

Saved in:
Bibliographic Details
Main Author: Herzogová, A.
Format: Book Chapter
Language:Slovak
Subjects:
Tags: Add Tag
No Tags, Be the first to tag this record!

MARC

LEADER 00000naa a2200000 4500
001 r014828
005 20221213113439.9
041 0 |a slo 
044 |a SK 
245 1 0 |a Na báze KREDITU  |c A. Herzogová 
520 |a Slovenská kreditná banka, a.s. - jej zameranie. Oživenie kapitálového trhu koncepčnými rozhodnutiami. Vyrovnanie pozícií nášho štátneho rozpočtu. 
610 2 0 |a banky 
610 2 0 |a bankovníctvo 
610 2 0 |a trh kapitálový 
610 2 0 |a rozpočet štátny 
610 2 0 |a trh peňažný 
610 2 0 |a Slovenská kreditná banka, a.s. Bratislava 
100 1 |a Herzogová, A.